5th and 6th Semester Practical Record Book for Child Health Nursing BSC Nursing As per INC Syllabus for BSc Nursing (Record no. 366245)

MARC details
000 -LEADER
fixed length control field 00561nam a22001937a 4500
005 - DATE AND TIME OF LATEST TRANSACTION
control field 20250507114419.0
008 - FIXED-LENGTH DATA ELEMENTS--GENERAL INFORMATION
fixed length control field 250507b |||||||| |||| 00| 0 eng d
020 ## - INTERNATIONAL STANDARD BOOK NUMBER
International Standard Book Number 9789393885814
041 ## - LANGUAGE CODE
Language code of text/sound track or separate title Eng
082 ## - DEWEY DECIMAL CLASSIFICATION NUMBER
Classification number 610.7368/GEE
100 ## - MAIN ENTRY--PERSONAL NAME
Author Gee Sumathy
245 ## - TITLE STATEMENT
Title 5th and 6th Semester Practical Record Book for Child Health Nursing BSC Nursing As per INC Syllabus for BSc Nursing
250 ## - EDITION STATEMENT
Edition statement 1st
260 ## - PUBLICATION, DISTRIBUTION, ETC.
Name of publisher, distributor, etc. EMMESS Medical Publisher
Date of publication, distribution, etc. 2024
300 ## - PHYSICAL DESCRIPTION
Extent 322 P.
365 ## - TRADE PRICE
Price type code Rs
Price amount 489
Currency code Rs
650 ## - SUBJECT ADDED ENTRY--TOPICAL TERM
Topical term or geographic name entry element Child Health Nursing
942 ## - ADDED ENTRY ELEMENTS (KOHA)
Koha item type Donated Book
Holdings
Withdrawn status Lost status Source of classification or shelving scheme Damaged status Not for loan Home library Current library Date acquired Vendor Net Price Total Checkouts Full call number Barcode Date last seen Date last checked out Actual Price Bill Date Koha item type
    Dewey Decimal Classification     Sitabai Nargundkar College of Nursing Nagpur Sitabai Nargundkar College of Nursing Nagpur 26/09/2025 Donated By Payal Omprakash Tembhurne 495.00 2 610.7368/GEE SNCN-DB-301 26/06/2025 26/06/2025 495.00 26/06/2025 Donated Book